000 01022nam0a22002651 4500
001 rc\4084703
005 20250610235339.0
021 _aRU
_b[54-13848]
035 _a(NLR Aleph) 007969935
090 _a8453056
_c8453056
100 _a20130415d1954 |||y0rusy50 ca
101 0 _arus
102 _aRU
105 _aae z |||||
200 1 _aПособие для составления курсовых проектов и упражнений по осушению лесных земель
_fМ-во культуры СССР. Всесоюз. заоч. лесотехн. ин-т
210 _aЛенинград
_cБ. и.
_d1954
215 _a32 с., 2 л. пл.
_cчерт.
_d20
700 1 _aПисарьков
_bХ.А.
_f1896-
_gХаритон Алексеевич
701 1 _aТимофеев
_bА.Ф.
712 0 2 _aВсесоюзный заоч. лесотехн. ин-т (Ленинград)
801 0 _aRU
_bNLR
_gpsbo
801 1 _aRU
_bELAR
_2rusmarc
852 _aNLR
_jС14 Г-4/496
942 _cBOOK
980 _aNB